000 01067nam a22003137a 4500
003 CHAP
005 20220329143309.0
008 080312d2007 us adb r 00110 eng d
010 _a94588
011 _a95560
020 _a9781584886624
035 _a106187
040 _cCHAP
082 0 4 _a551.4
_bP5
100 1 _aPlaza, Antonio J.
_e,ed.
_989152
245 1 0 _aHigh performance computing in remote sensing
_c/by Antonio J. Plaza and Chein-I Chang
260 _aBoca Raton :
_bChapman & Hall,
_c2007
300 _axxvi, 466 p. :
_bilus. ; gráfs. ; cuadros
490 0 _aChapman & Hall-CRC Computer and Information Science Series
590 _aBATCH-UPD
_b10
_c20130110
_lUCH01
_h1826
590 _aCONVERSION
_b10
_c20130109
_lUCH01
_h1352
650 1 4 _aSensores remotos.
_9104427
700 1 _aChang, Chein I.
_921850
830 0 _aChapman & Hall-CRC Computer and Information Science Series
_921899
901 _aBK
911 _aen proceso
942 _cLIBRO
949 _a551.4 P5
_bBC
_cLIBRO
_d33724002053132
_eLIBRO
_gI.235620
_h109260
_i106187
_si
_t$1094.45
999 _c94588
_d94588